Dynamics of Pakistan's Foreign Policy/ (Record no. 192706)

MARC details
000 -LEADER
fixed length control field 00510nam a22001697a 4500
010 ## - LCCN (DPL NO)
LC control number ENG-135168
020 ## - INTERNATIONAL STANDARD BOOK NUMBER
International Standard Book Number 9788184502855
Terms of availability 1800.00
035 ## - SYSTEM CONTROL NUMBER
System control number EN-118700
037 ## - SOURCE OF ACQUISITION
Source of stock number/acquisition DBAD/PUB
082 ## - DEWEY DECIMAL CLASSIFICATION NUMBER
Classification number 327.5491054
100 ## - MAIN ENTRY--PERSONAL NAME
Personal name Bindra,S.S.
245 ## - TITLE STATEMENT
Title Dynamics of Pakistan's Foreign Policy/
Statement of responsibility, etc by S.S.Bindra
260 ## - PUBLICATION, DISTRIBUTION, ETC. (IMPRINT)
Place of publication, distribution, etc New Delhi
Name of publisher, distributor, etc Deep & Deep Publications
Date of publication, distribution, etc 2011
270 ## - ADDRESS
Address F-159,Rajouri garden,
City New Delhi
Postal code 110027
300 ## - PHYSICAL DESCRIPTION
Extent 500p.
Dimensions 22cm(Hb)
942 ## - ADDED ENTRY ELEMENTS (KOHA)
Source of classification or shelving scheme Dewey Decimal Classification
Item type English Books
Classification part 327.5491054
Call number suffix BIN
Holdings
Withdrawn status Lost status Not for loan Collection code Home library Current library Date acquired Source of acquisition Cost, normal purchase price Full call number Barcode Copy number Cost, replacement price Koha item type
      Non-fiction Bawana Bawana 30/09/2022 DBAD/PUB 1800.00 327.5491054 BIN EN-118700 1 1800.00 English Books

© Delhi Public Library
Hit Counter
free hit counter